000 00508nam a2200145 i 4500
001 93681
003 ES-MaACL
007 t|
008 050418s1943 ag ||||1| spa d
100 1 _aLópez García, Andrés.
_973656
245 1 3 _aEl síndrome coledociano fisiopatología-diagnóstico
_b: trabajo de la 1ª cátedra de Clínica Médica /
_cAndrés López García.
260 _aBuenos Aires :
_bLib. Hachette,
_c1943.
300 _a327 p. :
_b1 lám., il. ;
_c23 cm.
852 _aES-MaACL
_jE-845
_bR.20619
999 _c93681
_d93681